|
|
|
|
| LEADER |
00000cab a2200000 a 4500 |
| 001 |
026520 |
| 003 |
UAHC_CL |
| 005 |
20180809172300.0 |
| 008 |
060704b xx j 000 1 spa |
| 952 |
|
|
|0 0
|1 0
|2 ddc
|4 0
|6 C__E0304_06_000000000000000
|7 0
|8 COMP
|9 53431
|a BC
|b BC
|c General
|d 2017-08-03
|l 0
|o C & E-03-04/06
|r 2018-01-17 00:00:00
|t 1
|w 2017-08-03
|y REVA
|
| 999 |
|
|
|c 26520
|d 26520
|
| 037 |
|
|
|a Fundación Infancia y Aprendizaje: Crtra. de Canillas, 138, 16 C, 28043. Tf. 7596892; Fax: 3003527; correo electrónico: fundacionia@fia.es
|
| 037 |
|
|
|a Fundación Infancia y Aprendizaje: Crtra. de Canillas, 138, 16 C, 28043. Tf. 7596892; Fax: 3003527; correo electrónico: fundacionia@fia.es
|
| 040 |
|
|
|a UAHC_CL
|c UAHC_CL
|d UAHC_CL
|
| 100 |
1 |
|
|a Martínez González, Raquel
|
| 245 |
1 |
0 |
|a Propuestas metodológicas para una educación de calidad a través de las relaciones entre centros docentes, familias y entidades comunitarias /
|c Raquel Martínez González y María Pérez Herrero.
|
| 260 |
|
|
|b Fundación Infancia y Aprendizaje
|a Madrid
|c 2006
|
| 300 |
|
|
|a pp. 231-246
|
| 310 |
|
|
|a Trimestral
|
| 500 |
|
|
|a En: C & E, n¼3-4, vol. 18, 2006. pp. 231-246. ISSN 11356405.
|
| 520 |
|
|
|a Este artículo plantea la necesidad de promover estrategias metodológicas que permitan responder al reto de la colaboración entre las familias, los centros educativos y las entidades comunitarias. Partiendo del modelo ecológico de Bronfenbrenner, se conceptualiza a la familia como contexto social, educativo y de aprendizaje y se hace ver, a partir de los resultados de una investigación previa, la necesidad de establecer una relación efectiva entre las familias y los centros escolares. Asimismo, se abordan algunas áreas y estrategias de actuación para fomentar esta cooperación; entre ellas, se destaca la investigación en la acción como estrategia metodológica que permite, además de detectar necesidades en este ámbito, promover respuestas contextualizadas a las mismas desde una perspectiva innovadora, y conjuga, además, la formación del profesorado para trabajar colaborativamente con las familias. A este respecto, se mencionan algunas iniciativas llevadas a cabo por el grupo de investigación sobre Evaluación e intervención socio-educativa en el ámbito familiar, escolar y comunitario del Departamento de Ciencias de la Educación de la Universidad de Oviedo
|
| 700 |
1 |
|
|a Pérez Herrero, María
|
| 700 |
1 |
|
|a Pérez Herrero, María
|
| 773 |
0 |
|
|t C&E : cultura y educación, revista de teoría, investigación y práctica
|w 026402
|
| 856 |
|
|
|u http://dialnet.unirioja.es/servlet/listaarticulos?tipo_busqueda=EJEMPLAR&revista_busqueda=252&clave_busqueda=146774
|y Acceso electrónico al documento (tablas de contenido y resúmenes)
|
| 900 |
|
|
|a C & E-03-04/06
|
| 942 |
|
|
|c REVA
|2 ddc
|